Govt. of
Madhya Pradesh

The Voice of Freedom (Record no. 35454)

MARC details
000 -LEADER
fixed length control field 004670000a22001690004500
003 - CONTROL NUMBER IDENTIFIER
control field MACL
005 - DATE AND TIME OF LATEST TRANSACTION
control field 20151230142148.0
008 - FIXED-LENGTH DATA ELEMENTS--GENERAL INFORMATION
fixed length control field 151230b xxu||||| |||| 00| 0 eng d
040 ## - CATALOGING SOURCE
Original cataloging agency MACL
Transcribing agency MACL
041 ## - LANGUAGE CODE
Language code of text/sound track or separate title English
082 ## - DEWEY DECIMAL CLASSIFICATION NUMBER
Classification number 323.44/NEH
100 ## - MAIN ENTRY--PERSONAL NAME
Personal name Panikkar, K M
9 (RLIN) 24922
245 ## - TITLE STATEMENT
Title The Voice of Freedom
Remainder of title selected speeches of Pandit Motilal Nehru
260 ## - PUBLICATION, DISTRIBUTION, ETC. (IMPRINT)
Name of publisher, distributor, etc. Asia Publishing House
Date of publication, distribution, etc. 1961
650 ## - SUBJECT ADDED ENTRY--TOPICAL TERM
Topical term or geographic name as entry element Political Science
9 (RLIN) 88
942 ## - ADDED ENTRY ELEMENTS (KOHA)
Koha item type Books
Call number prefix 323.44/NEH
Source of classification or shelving scheme
Holdings
Withdrawn status Lost status Source of classification or shelving scheme Damaged status Not for loan Home library Current library Date acquired Total Checkouts Full call number Barcode Date last seen Uniform Resource Identifier Price effective from Koha item type
          MACL MACL 15/04/2015   323.44/NEH CLE015444 29/04/2015 35662 15/04/2015 Books